Plastics vs. corrosives /

Bibliographic Details
Main Author: Seymour, Raymond B. (Raymond Benedict), 1912-1991
Format: Book
Language:English
Published: New York : Wiley, [1982]
Series:SPE monographs.
Subjects:

MARC

Tag First Indicator Second Indicator Subfields
LEADER 00000pam a2200000 a 4500
001 in00000103468
005 20150929180427.0
008 811203s1982 nyua b 00110 eng
010 |a  81021996  
020 |a 0471081825 
035 |a (OCoLC)08031970 
035 |9 AAN2691AM 
039 0 |a 2  |b 3  |c 3  |d 3  |e 3 
040 |a DLC  |c DLC  |d TXA  |d UtOrBLW 
049 |a TXAM  |c [1117223] 
050 0 0 |a TA455 P5  |b  S454 1982 
082 0 |a 620.1/92323  |2 19 
100 1 |a Seymour, Raymond B.  |q (Raymond Benedict),  |d 1912-1991. 
245 1 0 |a Plastics vs. corrosives /  |c Raymond B. Seymour. 
264 1 |a New York :  |b Wiley,  |c [1982] 
264 4 |c ©1982 
300 |a xii, 285 pages :  |b illustrations ;  |c 24 cm. 
336 |a text  |b txt  |2 rdacontent 
337 |a unmediated  |b n  |2 rdamedia 
338 |a volume  |b nc  |2 rdacarrier 
490 1 |a SPE monographs,  |x 0195-4288 
500 |a "A Wiley-Interscience publication." 
504 |a Includes bibliographical references and index. 
650 0 |a Plastics  |x Corrosion. 
650 0 |a Plastic coating. 
830 0 |a SPE monographs. 
999 |a MARS 
999 f f |s 1e0991dd-a2a8-3a68-985e-d7018b69e5bd  |i 05ad19e4-2975-3a6c-85b2-618bfec77723  |t 0 
952 f f |p ric  |a Texas A&M University  |b Rellis Campus  |c Joint Library Facility  |d Remote Storage  |t 0  |e TA455 P5 S454 1982  |h Library of Congress classification  |i unmediated -- volume  |m A14806276818 
998 f f |a TA455 P5 S454 1982  |t 0  |l Remote Storage